Statistiques concernant Un homme libre - La Planète au Trésor (Paroles)

Cliquez ici pour prendre le quiz!

Statistiques générales

  • Ce quiz a été pris 270 fois
  • Le résultat moyen est 215 sur 237

Statistiques - réponses

Paroles% Correct
tu
99%
un
99%
de
98%
dès
98%
Et
98%
la
98%
le
98%
les
98%
ne
98%
Ne
98%
se
98%
te
98%
Ce
97%
ce
97%
pour
97%
Pour
97%
Que
97%
que
97%
ton
97%
une
97%
a
96%
à
96%
Dans
96%
dans
96%
est
96%
homme
96%
libre
96%
pas
96%
qui
96%
toi
96%
Toi
96%
vie
96%
crois
95%
destin
95%
être
95%
Si
95%
si
95%
ta
95%
terre
95%
veux
95%
C'est
94%
elle
94%
matin
94%
94%
94%
ronde
94%
tes
94%
planète
93%
Prends
93%
vivre
93%
Il
92%
il
92%
mains
92%
seconde
92%
tout
92%
voiles
92%
changer
91%
doutes
91%
entre
91%
Mets
91%
peu
91%
qu'on
91%
rien
91%
Rien
91%
t'appartient
91%
pourrait
90%
contes
89%
qu'un
89%
raconte
89%
retient
89%
n'y
88%
peut
88%
plus
88%
toujours
88%
histoire
87%
jour
87%
lire
87%
large
86%
enfin
85%
Enfin
85%
étoiles
85%
liberté
85%
l'ombre
85%
lune
85%
quel
85%
sens
85%
beau
84%
blonde
84%
chemin
84%
rester
84%
sont
83%
donner
82%
monde
82%
envies
81%
nouveau
81%
savoir
81%
tombes
81%
vagabonde
81%
écrit
80%
étranger
80%
existe
80%
fatigue
80%
partout
80%
n'est
79%
Viens
79%
course
78%
quelles
78%
restent
78%
voir
78%
Avant
77%
continuer
77%
L'avenir
77%
Tous
77%
vraiment
77%
allumées
76%
construit
76%
longue
76%
Mais
76%
même
76%
verras
76%
courage
75%
encore
75%
loin
75%
route
75%
sentes
75%
espoirs
73%
Dis-toi
71%
sombre
71%
ciel
69%
Aie
68%
devient
67%
nuages
67%
Parfois
67%
fondent
60%

Distribution des résultats

Percentile par nombre de réponses

% des personnes avec chaque résultat

Votre développement - résultats

Vous n’avez pas pris ce quiz